000 00545nam a2200145 i 4500
001 185427
003 ES-MaACL
005 20230906222430.0
008 160602s1921 sp |||| | spa d
245 0 0 _aLabor de la Cruz Roja Española para prevenir y castigar el empleo abusivo del nombre y emblema de la Institución :
_bmemoria presentada a la Conferencia Internacional Ginebra.
260 _a[S.l.] :
_bViuda de Ernesto Catalá,
_c1921.
300 _a45 p. ;
_c23 cm.
710 2 _aCruz Roja Española.
_93322
852 _aES-MaACL
_j1526-F-4
999 _c185427
_d185427